Sotalol v liečbe arytmií - cyklus minisympózií

Bibliographic Details
Main Author: Janek, M. (Author)
Format: Article
Language:Slovak
Subjects:

MARC

LEADER 00000nab a2200000 a 4500
001 vtls000800682
003 SK-MaSNL
005 20260302152126.0
008 160324c1999 xo 0 slo
015 |a SNBRB2002/09-28210 
035 |a CLN000152337 
040 |a SNKBUCL  |b slo  |c SNKBUCL  |e AACR2 
041 0 |a slo 
044 |a xo  |c SK 
080 |a 615.222:616.12-008.318  |2 1997 
080 |a 616.12-008.318-089  |2 1997 
100 1 |a Janek, M.  |4 aut  |9 553168 
245 1 0 |a Sotalol v liečbe arytmií - cyklus minisympózií  |c M. Janek 
650 0 7 |a arytmia  |x farmakoterapia  |2 snkbucl  |9 844874 
650 0 7 |a sotalol  |x použitie terapeutické  |2 snkbucl  |9 844875 
650 0 7 |a vzdelávanie, ďalšie formy  |x metódy  |x organizácia a riadenie  |2 snkbucl  |9 844876 
650 0 7 |a sotalol  |x terapeutické použitie  |2 snkbucl  |9 844877 
655 7 |a články z novín a časopisov  |2 snkbucl  |9 267496 
773 0 |t Liečivár  |g Roč. 23, č. 7-8 (1999), s. 3 
850 |a Slovenská národná knižnica v Martine 
852 |a SNK  |b KIS3GCP 
958 |a MI 
958 |a RBX 
999 |c 1361815  |d 1363745